[Event "Voronezh op-A 20th"]
[Site "Voronezh"]
[Date "2016.06.19"]
[Round "8"]
[White "Minasyan, Arnold"]
[Black "Musaev, Rasul"]
[Result "1-0"]
[WhiteElo "2212"]
[BlackElo "2310"]
[PlyCount "88"]
[EventDate "2016.06.12"]
[EventType "swiss"]
[EventRounds "9"]
[EventCountry "RUS"]
[SourceTitle "EXT 2019"]
[Source "ChessBase"]
[SourceDate "2018.10.10"]
[SourceVersion "1"]
[SourceVersionDate "2018.10.10"]
[SourceQuality "1"]

1. e4 c5 2. Nf3 d6 3. d4 cxd4 4. Nxd4 Nf6 5. Nc3 Nc6 6. Bg5 e6 7. Qd2 a6 8. 0-0-0 Bd7 9. f4 b5 10. Kb1 Be7 11. Bxf6 gxf6 12. Nxc6 Bxc6 13. Bd3 Qb6 14. f5 b4 15. Ne2 e5 16. Qe1 h5 17. Nc1 a5 18. Bc4 a4 19. Bd5 Rc8 20. Qg3 Bf8 21. Qh4 Ke7 22. Rhf1 Bh6 23. Qe1 Rhg8 24. g3 h4 25. Rf3 hxg3 26. hxg3 Rg4 27. Rfd3 Qc5 28. c3 Bb5 29. Rf3 a3 30. Nd3 Bxd3+ 31. Rfxd3 axb2 32. Kxb2 Rgg8 33. cxb4 Qc2+ 34. Ka1 Bc1 35. Rxc1 Qxd3 36. Rd1 Qa3 37. Qd2 Rc3 38. Qb2 Qa4 39. Qxc3 Qxd1+ 40. Kb2 Qd4 41. Kb3 Qa7 42. a4 Rh8 43. a5 Rh1 44. Qc6 Kf8 1-0

[Event "Voronezh op-A 20th"]
[Site "Voronezh"]
[Date "2016.06.18"]
[Round "7"]
[White "Minasyan, Arnold"]
[Black "Lutsenko, Alexander"]
[Result "1-0"]
[WhiteElo "2212"]
[BlackElo "2108"]
[PlyCount "97"]
[EventDate "2016.06.12"]
[EventType "swiss"]
[EventRounds "9"]
[EventCountry "RUS"]
[SourceTitle "EXT 2019"]
[Source "ChessBase"]
[SourceDate "2018.10.10"]
[SourceVersion "1"]
[SourceVersionDate "2018.10.10"]
[SourceQuality "1"]

1. e4 e5 2. Nf3 Nc6 3. Bc4 Bc5 4. c3 Nf6 5. d4 exd4 6. e5 d5 7. Bb5 Ne4 8. cxd4 Bb4+ 9. Bd2 Nxd2 10. Bxc6+ bxc6 11. Nbxd2 c5 12. a3 Bxd2+ 13. Qxd2 cxd4 14. Qxd4 0-0 15. 0-0 Be6 16. Rfc1 Qb8 17. Rc5 h6 18. Rac1 Rc8 19. Qc3 c6 20. b4 a5 21. bxa5 Qc7 22. h3 Ra6 23. Nd2 Rca8 24. Nb3 d4 25. Nxd4 Rxa5 26. Rxa5 Qxa5 27. Nxe6 Qxc3 28. Rxc3 fxe6 29. Rxc6 Rxa3 30. Rxe6 Ra5 31. f4 Ra4 32. g3 Ra2 33. Rb6 Kf7 34. Rb7+ Kf8 35. Rb3 h5 36. Rf3 h4 37. g4 Kf7 38. f5 Re2 39. e6+ Kf6 40. Kf1 Re4 41. Kf2 Ke7 42. g5 Re5 43. f6+ gxf6 44. gxf6+ Kf8 45. e7+ Kf7 46. Rf4 Re6 47. Kf3 Re1 48. Re4 Rf1+ 49. Kg2 1-0

[Event "Voronezh op-A 20th"]
[Site "Voronezh"]
[Date "2016.06.16"]
[Round "5"]
[White "Minasyan, Arnold"]
[Black "Stukopin, Andrey"]
[Result "0-1"]
[WhiteElo "2212"]
[BlackElo "2595"]
[PlyCount "110"]
[EventDate "2016.06.12"]
[EventType "swiss"]
[EventRounds "9"]
[EventCountry "RUS"]
[SourceTitle "EXT 2019"]
[Source "ChessBase"]
[SourceDate "2018.10.10"]
[SourceVersion "1"]
[SourceVersionDate "2018.10.10"]
[SourceQuality "1"]

1. Nf3 d5 2. d4 Nf6 3. c4 e6 4. e3 a6 5. Nc3 dxc4 6. Bxc4 b5 7. Bb3 Bb7 8. 0-0 Nbd7 9. a4 b4 10. Nb1 c5 11. Nbd2 cxd4 12. exd4 Be7 13. Nc4 a5 14. Bf4 Nb6 15. Nce5 Nbd5 16. Bg3 0-0 17. Re1 Nh5 18. Bc2 g6 19. Qd2 Kg7 20. Nd3 Nxg3 21. hxg3 Rc8 22. Bb3 Nb6 23. Nde5 Bd5 24. Qe3 h5 25. Bd1 b3 26. Nd3 Nc4 27. Qe2 Bxf3 28. gxf3 Qxd4 29. Bxb3 h4 30. Bxc4 Rxc4 31. Qe5+ Bf6 32. Qxd4 Rxd4 33. Nf4 Rb8 34. Re2 Rb3 35. Kg2 hxg3 36. fxg3 Rdb4 37. Ra2 Bxb2 38. Rc2 Ba3 39. Rc7 Kf6 40. Ne2 Rxa4 41. Nc3 Bd6 42. Rxf7+ Kxf7 43. Nxa4 Ra3 44. Rxa3 Bxa3 45. f4 Ke7 46. Kf3 Kd6 47. Ke4 Kc6 48. Kd3 Kb5 49. Nc3+ Kb4 50. Kc2 Kc4 51. Ne4 Bb4 52. Ng5 Kd5 53. Nf7 Ke4 54. Kb3 Be1 55. Ne5 g5 0-1

[Event "Voronezh op-A 20th"]
[Site "Voronezh"]
[Date "2016.06.14"]
[Round "3"]
[White "Belyakov, Bogdan"]
[Black "Minasyan, Arnold"]
[Result "1-0"]
[WhiteElo "2495"]
[BlackElo "2212"]
[PlyCount "93"]
[EventDate "2016.06.12"]
[EventType "swiss"]
[EventRounds "9"]
[EventCountry "RUS"]
[SourceTitle "EXT 2019"]
[Source "ChessBase"]
[SourceDate "2018.10.10"]
[SourceVersion "1"]
[SourceVersionDate "2018.10.10"]
[SourceQuality "1"]

1. e4 c5 2. Nf3 e6 3. c3 Nf6 4. e5 Nd5 5. d4 cxd4 6. cxd4 d6 7. Bc4 Be7 8. 0-0 0-0 9. Qe2 Nc6 10. Bd2 dxe5 11. dxe5 b6 12. Nc3 Nxc3 13. Bxc3 Bb7 14. Bd3 Qc7 15. Rac1 Rac8 16. h4 Qb8 17. h5 Nb4 18. Bxb4 Bxb4 19. Be4 Be7 20. Rfd1 Rxc1 21. Rxc1 Rc8 22. Rd1 Rd8 23. Rxd8+ Bxd8 24. Qb5 Be7 25. Bxb7 Qxb7 26. Qe8+ Bf8 27. b3 Qe4 28. Qxf7+ Kxf7 29. Ng5+ Ke8 30. Nxe4 Kd7 31. f4 Be7 32. Kf2 Kc6 33. Ke3 Kb5 34. Kd3 Kb4 35. Kc2 Ka3 36. Kb1 a5 37. g4 a4 38. bxa4 Kxa4 39. f5 exf5 40. gxf5 Kb5 41. f6 gxf6 42. exf6 Ba3 43. f7 Kc6 44. Nf6 h6 45. Kc2 Be7 46. Kb3 Kd6 47. Nh7 1-0

[Event "Yerevan Asrian Memorial 8th"]
[Site "Yerevan"]
[Date "2015.06.22"]
[Round "7"]
[White "Eranyan, Khachatur"]
[Black "Minasyan, Arnold"]
[Result "1-0"]
[WhiteElo "2112"]
[BlackElo "2207"]
[PlyCount "65"]
[EventDate "2015.06.16"]
[EventType "swiss"]
[EventRounds "9"]
[EventCountry "ARM"]
[SourceTitle "CBM 167 Extra"]
[Source "ChessBase"]
[SourceDate "2015.09.14"]
[SourceVersion "1"]
[SourceVersionDate "2015.09.14"]
[SourceQuality "1"]

1. d4 Nf6 2. c4 e6 3. Nf3 d5 4. Nc3 Bb4 5. Bg5 Nbd7 6. Nd2 c5 7. a3 Bxc3 8. bxc3 Qa5 9. e3 Qxc3 10. Rc1 Qxa3 11. cxd5 Nxd5 12. e4 Nc3 13. Nc4 Qb4 14. Nd6+ Kf8 15. Qd2 cxd4 16. Nb5 Nc5 17. Rxc3 f6 18. Rc1 Qxd2+ 19. Bxd2 Nxe4 20. Bb4+ Kf7 21. Rc7+ Kg6 22. f3 a5 23. Ba3 Nc3 24. Bd3+ f5 25. Nxc3 dxc3 26. g4 Rd8 27. gxf5+ Kh5 28. Rxg7 Rxd3 29. Rhg1 h6 30. R1g3 Rd4 31. Be7 Rh4 32. Bxh4 Kxh4 33. R7g4+ 1-0

[Event "Yerevan Asrian Memorial 8th"]
[Site "Yerevan"]
[Date "2015.06.17"]
[Round "2"]
[White "Minasyan, Arnold"]
[Black "Mikaelyan, Arman"]
[Result "0-1"]
[WhiteElo "2207"]
[BlackElo "2437"]
[PlyCount "62"]
[EventDate "2015.06.16"]
[EventType "swiss"]
[EventRounds "9"]
[EventCountry "ARM"]
[SourceTitle "CBM 167 Extra"]
[Source "ChessBase"]
[SourceDate "2015.09.14"]
[SourceVersion "1"]
[SourceVersionDate "2015.09.14"]
[SourceQuality "1"]

1. e4 c5 2. Nf3 e6 3. d4 cxd4 4. Nxd4 a6 5. Bd3 Qc7 6. 0-0 Nf6 7. Qe2 d6 8. c4 Nbd7 9. Nc3 Ne5 10. f4 Nxd3 11. Qxd3 Be7 12. Kh1 0-0 13. Be3 Nd7 14. Rac1 b6 15. Qe2 Bf6 16. b3 Bb7 17. f5 Rae8 18. Qg4 Nc5 19. Rcd1 exf5 20. Rxf5 Nxe4 21. Nxe4 Rxe4 22. Rf4 Rfe8 23. Nf5 Kh8 24. Rxe4 Rxe4 25. Qg3 Be5 26. Qf2 Rg4 27. Ng3 Qe7 28. Bxb6 h5 29. c5 Qh4 30. Rd3 Bd4 31. Qxf7 Qxh2+ 0-1

[Event "Chigorin Memorial 22nd"]
[Site "St Petersburg"]
[Date "2014.10.25"]
[Round "8"]
[White "Sindarov, Javokhir"]
[Black "Minasyan, Arnold"]
[Result "1/2-1/2"]
[WhiteElo "1979"]
[BlackElo "2204"]
[PlyCount "100"]
[EventDate "2014.10.18"]
[EventType "swiss"]
[EventRounds "9"]
[EventCountry "RUS"]
[SourceTitle "EXT 2015"]
[Source "ChessBase"]
[SourceDate "2014.11.20"]
[SourceVersion "1"]
[SourceVersionDate "2014.11.20"]
[SourceQuality "1"]

1. e4 c5 2. Nf3 e6 3. d4 cxd4 4. Nxd4 Nc6 5. Nc3 Qc7 6. Be3 a6 7. Be2 Nf6 8. 0-0 Bb4 9. a3 Bxc3 10. bxc3 Nxe4 11. Bd3 Nf6 12. Bg5 Ne5 13. f4 Qxc3 14. fxe5 Qxd4+ 15. Kh1 Qxe5 16. Bxf6 gxf6 17. Qg4 Qg5 18. Qd4 Rg8 19. g3 b5 20. Be4 d5 21. Bg2 f5 22. Bxd5 exd5 23. Qxd5 Ra7 24. Rae1+ Re7 25. Qc6+ Kf8 26. Qxc8+ Kg7 27. Qc3+ Qf6 28. Qxf6+ Kxf6 29. Rxf5+ Kxf5 30. Rxe7 Rc8 31. Rxf7+ Kg6 32. Rb7 Rc6 33. a4 bxa4 34. Rb4 Rxc2 35. Rxa4 Rc6 36. Ra5 Kf7 37. Kg2 Ke7 38. Kf3 Kd7 39. Ke4 Kc7 40. Ra2 Kb6 41. Rb2+ Kc5 42. Rc2+ Kb5 43. Rxc6 Kxc6 44. g4 a5 45. h4 a4 46. Kd3 Kd5 47. g5 Ke5 48. h5 Kf5 49. g6 hxg6 50. hxg6 Kf6 1/2-1/2

[Event "Chigorin Memorial 22nd"]
[Site "St Petersburg"]
[Date "2014.10.22"]
[Round "5"]
[White "Minasyan, Arnold"]
[Black "Grachev, Andrey"]
[Result "1-0"]
[WhiteElo "2204"]
[BlackElo "2029"]
[PlyCount "85"]
[EventDate "2014.10.18"]
[EventType "swiss"]
[EventRounds "9"]
[EventCountry "RUS"]
[SourceTitle "EXT 2015"]
[Source "ChessBase"]
[SourceDate "2014.11.20"]
[SourceVersion "1"]
[SourceVersionDate "2014.11.20"]
[SourceQuality "1"]

1. e4 e5 2. Nf3 Nc6 3. Bc4 Bc5 4. c3 Nf6 5. d4 exd4 6. e5 d5 7. Bb5 Ne4 8. cxd4 Bb6 9. Be3 0-0 10. Nc3 Bd7 11. Bxc6 bxc6 12. Nxe4 dxe4 13. Ng5 Ba5+ 14. Kf1 Bf5 15. g4 Bg6 16. h4 h6 17. h5 Bh7 18. Nxh7 Kxh7 19. Qa4 Qd5 20. Rc1 Qb5+ 21. Rc4 Qxa4 22. Rxa4 Bb6 23. Ke2 f6 24. Rc1 f5 25. gxf5 Rxf5 26. Rh1 Rd8 27. Rc4 Rd5 28. Rxc6 Bxd4 29. Rd1 Bxe3 30. Rxd5 Bb6 31. Kd1 Bxf2 32. Rxc7 Bg3 33. Rc4 Rf1+ 34. Kd2 Re1 35. e6 e3+ 36. Kc2 e2 37. Re4 Bf4 38. Kb3 Rd1 39. Rxe2 Rxd5 40. e7 Rb5+ 41. Kc4 Rb8 42. e8Q Rxe8 43. Rxe8 1-0

[Event "Chigorin Memorial 22nd"]
[Site "St Petersburg"]
[Date "2014.10.20"]
[Round "3"]
[White "Minasyan, Arnold"]
[Black "Smirnov, Artem"]
[Result "0-1"]
[WhiteElo "2204"]
[BlackElo "2450"]
[PlyCount "76"]
[EventDate "2014.10.18"]
[EventType "swiss"]
[EventRounds "9"]
[EventCountry "RUS"]
[SourceTitle "EXT 2015"]
[Source "ChessBase"]
[SourceDate "2014.11.20"]
[SourceVersion "1"]
[SourceVersionDate "2014.11.20"]
[SourceQuality "1"]

1. e4 c5 2. Nf3 d6 3. d4 cxd4 4. Nxd4 Nf6 5. Nc3 Bd7 6. Bg5 a6 7. f4 e6 8. Qf3 Nc6 9. 0-0-0 Nxd4 10. Rxd4 Qb6 11. Bxf6 gxf6 12. Qd3 Qc5 13. g3 b5 14. Bg2 Rc8 15. Rd1 b4 16. Nb1 Be7 17. Bf1 0-0 18. Rc4 Qa5 19. Rxc8 Bxc8 20. Qb3 Bb7 21. Bc4 Qc5 22. f5 Rc8 23. Nd2 d5 24. exd5 exd5 25. Bd3 Bf8 26. Kb1 Bh6 27. Nf3 a5 28. a4 Re8 29. g4 Bf4 30. g5 fxg5 31. f6 h6 32. h4 g4 33. Rg1 Bc8 34. Rg2 Kf8 35. Nd2 Re1+ 36. Ka2 Bxd2 37. Rxd2 Qg1 38. Bf1 Qxf1 0-1

[Event "Chigorin Memorial 22nd"]
[Site "St Petersburg"]
[Date "2014.10.18"]
[Round "1"]
[White "Minasyan, Arnold"]
[Black "Panov, Konstantin"]
[Result "1-0"]
[WhiteElo "2204"]
[BlackElo "1588"]
[PlyCount "93"]
[EventDate "2014.10.18"]
[EventType "swiss"]
[EventRounds "9"]
[EventCountry "RUS"]
[SourceTitle "EXT 2015"]
[Source "ChessBase"]
[SourceDate "2014.11.20"]
[SourceVersion "1"]
[SourceVersionDate "2014.11.20"]
[SourceQuality "1"]

1. e4 e6 2. d4 d5 3. Nc3 Bb4 4. e5 c5 5. a3 Bxc3+ 6. bxc3 Ne7 7. Qg4 Qa5 8. Bd2 Qa4 9. Qxg7 Rg8 10. Qxh7 cxd4 11. Qd3 Nbc6 12. Nf3 Nf5 13. cxd4 Nfxd4 14. Nxd4 Nxd4 15. Rc1 Bd7 16. Bb4 Nb5 17. c4 Nc7 18. Bd6 Qa5+ 19. Qc3 Qxc3+ 20. Rxc3 Rc8 21. cxd5 Nxd5 22. Rxc8+ Bxc8 23. g3 Bd7 24. h4 Bc6 25. Bg2 Kd7 26. h5 f5 27. h6 Rh8 28. Rh4 Ke8 29. Bf3 Kf7 30. Bh5+ Kg8 31. Bg6 a6 32. Kd2 Nb6 33. Be7 Nd7 34. Bf6 Nf8 35. h7+ Rxh7 36. Bxh7+ Nxh7 37. Be7 Nf8 38. Bxf8 Kxf8 39. Rh7 Bd5 40. Kc3 Ke8 41. Kd4 Kd8 42. Kc5 Kc8 43. Kb6 Bc6 44. Rc7+ Kd8 45. Rxc6 bxc6 46. Kxc6 Ke7 47. Kc7 1-0

[Event "Poti Aleksandria Cup 7th"]
[Site "Poti"]
[Date "2012.07.19"]
[Round "7"]
[White "Minasyan, Arnold"]
[Black "Barseghyan, Harutyun"]
[Result "1-0"]
[WhiteElo "2204"]
[BlackElo "1998"]
[PlyCount "31"]
[EventDate "2012.07.14"]
[EventType "swiss"]
[EventRounds "9"]
[EventCountry "GEO"]
[SourceTitle "CBM 149 Extra"]
[Source "ChessBase"]
[SourceDate "2012.08.24"]
[SourceVersion "1"]
[SourceVersionDate "2012.08.24"]
[SourceQuality "1"]

1. Nf3 d5 2. d4 c6 3. e3 e6 4. Bd3 f5 5. b3 Nf6 6. 0-0 Nbd7 7. c4 Bd6 8. cxd5 exd5 9. Bxf5 Qe7 10. a4 0-0 11. Ba3 Ne4 12. Bxd6 Qxd6 13. Bxd7 Bxd7 14. Ne5 Bf5 15. Nd2 Nf6 16. f4 1-0

[Event "Poti Aleksandria Cup 7th"]
[Site "Poti"]
[Date "2012.07.18"]
[Round "6"]
[White "Benidze, Gigla"]
[Black "Minasyan, Arnold"]
[Result "0-1"]
[WhiteElo "1982"]
[BlackElo "2204"]
[PlyCount "66"]
[EventDate "2012.07.14"]
[EventType "swiss"]
[EventRounds "9"]
[EventCountry "GEO"]
[SourceTitle "CBM 149 Extra"]
[Source "ChessBase"]
[SourceDate "2012.08.24"]
[SourceVersion "1"]
[SourceVersionDate "2012.08.24"]
[SourceQuality "1"]

1. e4 c5 2. Nf3 e6 3. d4 cxd4 4. Nxd4 a6 5. Bd3 Qc7 6. 0-0 Nf6 7. Qe2 d6 8. c4 Nbd7 9. Nc3 Ne5 10. Bg5 Nxd3 11. Qxd3 Be7 12. Rac1 h6 13. Bh4 0-0 14. Rfd1 b6 15. f4 Bb7 16. f5 Ng4 17. Bxe7 Qxe7 18. Nf3 Rfd8 19. h3 Nf6 20. Qe2 exf5 21. exf5 Qxe2 22. Nxe2 Bxf3 23. gxf3 d5 24. c5 bxc5 25. Rxc5 Rab8 26. b3 Re8 27. Kf2 Re5 28. Nd4 Rb6 29. Rc6 Rxc6 30. Nxc6 Re8 31. Nb4 Rc8 32. Ke3 Re8+ 33. Kf2 Rc8 0-1

[Event "Poti Aleksandria Cup 7th"]
[Site "Poti"]
[Date "2012.07.17"]
[Round "5"]
[White "Minasyan, Arnold"]
[Black "Javakhadze, Zurab"]
[Result "0-1"]
[WhiteElo "2204"]
[BlackElo "2415"]
[PlyCount "64"]
[EventDate "2012.07.14"]
[EventType "swiss"]
[EventRounds "9"]
[EventCountry "GEO"]
[SourceTitle "CBM 149 Extra"]
[Source "ChessBase"]
[SourceDate "2012.08.24"]
[SourceVersion "1"]
[SourceVersionDate "2012.08.24"]
[SourceQuality "1"]

1. e4 e5 2. Nf3 Nc6 3. Bc4 Bc5 4. c3 Nf6 5. d4 exd4 6. e5 d5 7. Bb5 Ne4 8. cxd4 Bb6 9. Be3 0-0 10. Nc3 Ne7 11. Bd3 f5 12. exf6 Nxf6 13. Ne5 Bf5 14. 0-0 c6 15. b4 Qd6 16. Rb1 Nd7 17. f4 a5 18. Na4 Bc7 19. b5 Qa3 20. Bc1 Qd6 21. Nxd7 Qxd7 22. Nc5 Qc8 23. bxc6 bxc6 24. Ba3 Rf7 25. g3 Bg4 26. Qd2 h5 27. Na4 Qe6 28. Rbe1 Qf6 29. Re5 Bxe5 30. dxe5 Qh6 31. Bxe7 Rxe7 32. h4 Rxe5 0-1

[Event "Pan-Armenian ol"]
[Site "Yerevan"]
[Date "2010.08.21"]
[Round "7"]
[White "Akopyan, Harutyun"]
[Black "Minasyan, Arnold"]
[Result "1-0"]
[WhiteElo "2258"]
[BlackElo "2216"]
[PlyCount "139"]
[EventDate "2010.08.15"]
[EventType "swiss"]
[EventRounds "9"]
[EventCountry "ARM"]
[SourceTitle "CBM 138 Extra"]
[Source "ChessBase"]
[SourceDate "2010.10.29"]
[SourceVersion "1"]
[SourceVersionDate "2010.10.29"]
[SourceQuality "1"]

1. e4 c5 2. Nf3 e6 3. b3 Nc6 4. Bb5 Qc7 5. 0-0 a6 6. Bxc6 Qxc6 7. Qe2 d6 8. c4 e5 9. h3 g6 10. Nh2 Bg7 11. Bb2 Nf6 12. Nc3 0-0 13. d3 b5 14. f4 Nh5 15. Nd5 Ra7 16. Qf3 exf4 17. Bxg7 Kxg7 18. Nxf4 Nxf4 19. Qxf4 f5 20. Rae1 Raf7 21. e5 d5 22. e6 Bxe6 23. Qe5+ Rf6 24. g4 h6 25. g5 hxg5 26. Nf3 Bg8 27. Nxg5 Qd6 28. Qe2 Qg3+ 29. Qg2 Qh4 30. Re7+ Kh6 31. Nf3 Qh5 32. Kh2 dxc4 33. dxc4 bxc4 34. bxc4 Re6 35. Qd2+ f4 36. Qd7 Qf5 37. Rf2 Rxe7 38. Qxe7 Bxc4 39. Rg2 Qf6 40. Qxc5 Bd3 41. Ne5 Bf5 42. Rxg6+ Bxg6 43. Ng4+ Kg7 44. Nxf6 Rxf6 45. Kg2 Be4+ 46. Kf2 Bc6 47. Qa7+ Kh6 48. Qxa6 Rg6 49. Qc4 f3 50. a4 Kh7 51. a5 Bb7 52. Qh4+ Kg8 53. Qd8+ Kh7 54. Qc7+ Rg7 55. Qb6 Rg2+ 56. Kf1 Be4 57. Qd6 Bf5 58. Qd5 Kg6 59. Qxf3 Ra2 60. Qg3+ Kh5 61. Qe5 Kg5 62. h4+ Kg4 63. h5 Ra3 64. h6 Rh3 65. Qg7+ Kf4 66. a6 Be4 67. a7 Ke3 68. Qc3+ Bd3+ 69. Kg2 Rxh6 70. Qc1+ 1-0

[Event "Moscow op-B"]
[Site "Moscow"]
[Date "2009.02.03"]
[Round "4"]
[White "Kursova, Maria"]
[Black "Minasyan, Arnold"]
[Result "1/2-1/2"]
[WhiteElo "2268"]
[BlackElo "2171"]
[PlyCount "68"]
[EventDate "2009.01.31"]
[EventType "swiss"]
[EventRounds "9"]
[EventCountry "RUS"]
[SourceTitle "EXT 2012"]
[Source "ChessBase"]
[SourceDate "2011.11.24"]
[SourceVersion "1"]
[SourceVersionDate "2011.11.24"]
[SourceQuality "1"]

1. d4 d5 2. Nf3 c6 3. c4 Nf6 4. e3 Bg4 5. Nc3 e6 6. h3 Bxf3 7. Qxf3 Be7 8. Bd2 0-0 9. Bd3 Nbd7 10. cxd5 cxd5 11. 0-0 Nb6 12. b3 Rc8 13. Rfc1 Ba3 14. Rc2 Qe7 15. Qd1 a6 16. Rb1 Bb4 17. a4 Rc6 18. a5 Rfc8 19. Rbc1 Nbd7 20. Na4 Rxc2 21. Rxc2 Rxc2 22. Qxc2 Bxd2 23. Qxd2 g6 24. Qc3 Qd8 25. b4 Ne8 26. e4 dxe4 27. Bxe4 Nd6 28. Bf3 Nb5 29. Qc4 b6 30. Bc6 bxa5 31. bxa5 Nd6 32. Qxa6 Nb8 33. Qa8 Nxc6 34. Qxc6 Qxa5 1/2-1/2

[Event "Moscow op-B 04th"]
[Site "Moscow"]
[Date "2008.02.06"]
[Round "5"]
[White "Steyn, Valery"]
[Black "Minasyan, Arnold"]
[Result "0-1"]
[WhiteElo "1984"]
[BlackElo "2187"]
[PlyCount "68"]
[EventDate "2008.02.02"]
[EventType "swiss"]
[EventRounds "9"]
[EventCountry "RUS"]
[SourceTitle "CBM 122 Extra"]
[Source "ChessBase"]
[SourceDate "2008.03.04"]
[SourceVersion "1"]
[SourceVersionDate "2008.03.04"]
[SourceQuality "1"]

1. e4 c5 2. f4 d5 3. exd5 Qxd5 4. Nc3 Qd8 5. Bb5+ Bd7 6. Bxd7+ Qxd7 7. d3 Nf6 8. Nf3 Nc6 9. Be3 e6 10. h3 Nd5 11. Nxd5 Qxd5 12. Qe2 Be7 13. 0-0 Bf6 14. c3 0-0 15. g4 Rfe8 16. Qf2 b6 17. g5 Bd8 18. d4 cxd4 19. cxd4 Ne7 20. Ne5 Nf5 21. Rfc1 Be7 22. Rc3 Rac8 23. Rac1 Rxc3 24. bxc3 Bd6 25. Ng4 Rc8 26. Bd2 Qxa2 27. Qg2 a5 28. Ne5 Bxe5 29. fxe5 a4 30. Qb7 Rf8 31. Bf4 Qb3 32. Qa6 b5 33. Kf1 Qd5 34. Kf2 Nh4 0-1

[Event "Moscow op-B 04th"]
[Site "Moscow"]
[Date "2008.02.05"]
[Round "4"]
[White "Minasyan, Arnold"]
[Black "Morozov, Grigory"]
[Result "0-1"]
[WhiteElo "2187"]
[BlackElo "2278"]
[PlyCount "90"]
[EventDate "2008.02.02"]
[EventType "swiss"]
[EventRounds "9"]
[EventCountry "RUS"]
[SourceTitle "CBM 122 Extra"]
[Source "ChessBase"]
[SourceDate "2008.03.04"]
[SourceVersion "1"]
[SourceVersionDate "2008.03.04"]
[SourceQuality "1"]

1. e4 e6 2. d4 d5 3. Nc3 Bb4 4. e5 Qd7 5. a3 Bxc3+ 6. bxc3 b6 7. h4 Ba6 8. Bxa6 Nxa6 9. Qd3 Nb8 10. Nf3 Nc6 11. c4 dxc4 12. Qxc4 Nge7 13. 0-0 Na5 14. Qd3 Qc6 15. Bd2 Nc4 16. Bb4 Nd5 17. Nd2 Nf4 18. Qf3 Qxf3 19. Nxf3 a5 20. Be1 0-0-0 21. c3 a4 22. g3 Nd5 23. Nd2 b5 24. Nxc4 bxc4 25. Bd2 Kd7 26. Rfc1 Rb8 27. Kf1 Rb3 28. Ke1 Rhb8 29. Kd1 Kc6 30. Ra2 Rb2 31. Rxb2 Rxb2 32. Ra1 h5 33. Kc1 Rb3 34. Kc2 Kb5 35. Ra2 c5 36. dxc5 Kxc5 37. Ra1 Kc6 38. f4 g6 39. Ra2 Nc7 40. Bc1 Kd5 41. Ra1 Ke4 42. Bd2 Nb5 43. Re1+ Kf5 44. Ra1 Rxa3 45. Re1 Ra2+ 0-1

[Event "Tbilisi Buslaev Memorial 1st"]
[Site "Tbilisi"]
[Date "2007.04.11"]
[Round "11"]
[White "Hambardzumian, Yuri"]
[Black "Minasyan, Arnold"]
[Result "1-0"]
[WhiteElo "2351"]
[BlackElo "2170"]
[PlyCount "51"]
[EventDate "2007.04.03"]
[EventType "tourn"]
[EventRounds "11"]
[EventCountry "GEO"]
[EventCategory "1"]
[SourceTitle "CBM 118 Extra"]
[Source "ChessBase"]
[SourceDate "2007.07.04"]
[SourceVersion "1"]
[SourceVersionDate "2007.07.04"]
[SourceQuality "1"]

1. e4 c5 2. Nf3 d6 3. d4 cxd4 4. Nxd4 Nf6 5. Nc3 g6 6. Be3 Bg7 7. f3 0-0 8. Bc4 Nc6 9. Qd2 Bd7 10. h4 Rc8 11. Bb3 Ne5 12. 0-0-0 Nc4 13. Bxc4 Rxc4 14. h5 Nxh5 15. g4 Nf6 16. Bh6 Nxe4 17. Qe3 Rxc3 18. bxc3 Nf6 19. Bxg7 Kxg7 20. Qh6+ Kg8 21. g5 Nh5 22. Rxh5 gxh5 23. Rh1 Qa5 24. Rxh5 Bf5 25. Nxf5 Qxf5 26. g6 1-0

[Event "Tbilisi Buslaev Memorial 1st"]
[Site "Tbilisi"]
[Date "2007.04.03"]
[Round "2"]
[White "Gasparian, Tigran"]
[Black "Minasyan, Arnold"]
[Result "1-0"]
[WhiteElo "2204"]
[BlackElo "2170"]
[PlyCount "153"]
[EventDate "2007.04.03"]
[EventType "tourn"]
[EventRounds "11"]
[EventCountry "GEO"]
[EventCategory "1"]
[SourceTitle "CBM 118 Extra"]
[Source "ChessBase"]
[SourceDate "2007.07.04"]
[SourceVersion "1"]
[SourceVersionDate "2007.07.04"]
[SourceQuality "1"]

1. e4 c5 2. Nf3 e6 3. Nc3 a6 4. g3 Nc6 5. Bg2 d6 6. 0-0 Be7 7. d4 cxd4 8. Nxd4 Qc7 9. Re1 Bd7 10. Nxc6 Bxc6 11. Qg4 h5 12. Qe2 Nf6 13. Bf4 Ng4 14. Rad1 g5 15. Bc1 Ne5 16. h3 g4 17. hxg4 hxg4 18. Bf4 Rg8 19. Bxe5 dxe5 20. a4 Bb4 21. Qc4 Qa5 22. Re3 Bc5 23. Re2 Qb4 24. Qd3 Qd4 25. b3 Rd8 26. Qxd4 Rxd4 27. Red2 Ke7 28. Rxd4 Bxd4 29. Ne2 Bc5 30. Nc1 Bd4 31. Kf1 b5 32. Ne2 Bc5 33. axb5 axb5 34. Ra1 Kd6 35. c3 Kc7 36. Nc1 Rd8 37. Ke2 Kb6 38. Nd3 Bd6 39. Ke3 f5 40. f3 gxf3 41. Bxf3 Rg8 42. Rg1 Bd7 43. g4 Be7 44. Kf2 Bh4+ 45. Ke3 Bg5+ 46. Ke2 Bf6 47. Rg2 Bc6 48. gxf5 Rxg2+ 49. Bxg2 exf5 50. Nb4 Bb7 51. Kd3 Kc5 52. Nc2 f4 53. Bh3 Bh4 54. Bd7 Ba6 55. b4+ Kd6 56. Be8 Ke7 57. Bc6 Kd6 58. Be8 Bc8 59. Bxb5 Bh3 60. Kd2 Bg2 61. Bd3 f3 62. Ne1 Bg5+ 63. Kd1 Be3 64. Kc2 Bh1 65. Bf1 Bg5 66. c4 Bh4 67. Kd2 Bg5+ 68. Kd1 f2 69. Ng2 Bxg2 70. Bxg2 Be3 71. Kc2 Bd4 72. Kb3 Kc6 73. c5 Kb5 74. Bf1+ Kc6 75. Kc4 Kc7 76. Kd5 Kb7 77. Kd6 1-0